[Event "NED-ch U17 Girls"]
[Site "Venlo"]
[Date "2009.04.28"]
[Round "5"]
[White "Snikkers, Naomi"]
[Black "Hondelink, Liesbeth"]
[Result "1-0"]
[WhiteElo "1830"]
[BlackElo "1355"]
[PlyCount "51"]
[EventDate "2009.04.24"]
[EventType "tourn"]
[EventRounds "9"]
[EventCountry "NED"]
[SourceTitle "EXT 2013"]
[Source "ChessBase"]
[SourceDate "2012.11.22"]
[SourceVersion "1"]
[SourceVersionDate "2012.11.22"]
[SourceQuality "1"]

1. e4 e6 2. d4 d5 3. Nd2 c5 4. c3 cxd4 5. cxd4 Nc6 6. Ngf3 g6 7. e5 Nge7 8. Nb3 Bg7 9. Bg5 0-0 10. Qd2 f6 11. exf6 Bxf6 12. Bxf6 Rxf6 13. Bd3 Nf5 14. 0-0 Bd7 15. Rfe1 Qe7 16. Bxf5 Rxf5 17. Nc5 b6 18. Nxd7 Qxd7 19. Re2 Re8 20. Rae1 Qd6 21. Qc3 Kg7 22. a3 Kf6 23. Rc2 Na5 24. Ne5 Re7 25. Qc8 Nb3 26. Rc6 1-0

[Event "NED-ch U17 Girls"]
[Site "Venlo"]
[Date "2009.04.25"]
[Round "2"]
[White "Hondelink, Liesbeth"]
[Black "Edens, Maike"]
[Result "0-1"]
[WhiteElo "1355"]
[BlackElo "1809"]
[PlyCount "42"]
[EventDate "2009.04.24"]
[EventType "tourn"]
[EventRounds "9"]
[EventCountry "NED"]
[SourceTitle "EXT 2013"]
[Source "ChessBase"]
[SourceDate "2012.11.22"]
[SourceVersion "1"]
[SourceVersionDate "2012.11.22"]
[SourceQuality "1"]

1. d4 Nf6 2. c4 e6 3. a3 d5 4. Nc3 Be7 5. Nf3 Nbd7 6. e3 c6 7. b4 0-0 8. Bd3 b6 9. c5 a5 10. Bb2 Ba6 11. Ne2 Bxd3 12. Qxd3 Rb8 13. Bc3 Ne4 14. Rb1 f6 15. 0-0 g5 16. Nd2 f5 17. f3 Nxc3 18. Qxc3 e5 19. e4 exd4 20. Qxd4 bxc5 21. bxc5 Bxc5 0-1

[Event "NED-ch U13 Girls"]
[Site "Rijswijk"]
[Date "2005.05.05"]
[Round "2"]
[White "Gunther, Marcella"]
[Black "Hondelink, Liesbeth"]
[Result "1-0"]
[WhiteElo "1385"]
[BlackElo "1189"]
[PlyCount "117"]
[EventDate "2005.05.05"]
[EventType "swiss"]
[EventRounds "9"]
[EventCountry "NED"]
[SourceTitle "EXT 2013"]
[Source "ChessBase"]
[SourceDate "2012.11.22"]
[SourceVersion "1"]
[SourceVersionDate "2012.11.22"]
[SourceQuality "1"]

1. e4 d5 2. exd5 Qxd5 3. Nc3 Qa5 4. d4 Nf6 5. Bd2 Bg4 6. Be2 Bxe2 7. Qxe2 Nc6 8. Nf3 0-0-0 9. Be3 Ne4 10. Qd3 Qb4 11. 0-0 Nf6 12. Qb5 e6 13. a3 Qxb5 14. Nxb5 a6 15. Nc3 g6 16. Rad1 Bg7 17. Bg5 h6 18. Bf4 Ng4 19. h3 g5 20. Bg3 Nf6 21. h4 Ng4 22. Ne2 e5 23. c3 e4 24. Ne5 Ncxe5 25. dxe5 Bxe5 26. Rxd8+ Rxd8 27. hxg5 hxg5 28. f4 Rd2 29. fxe5 Rxe2 30. Rxf7 Rxb2 31. e6 Kd8 32. Bxc7+ Ke8 33. Bd6 Rb1+ 34. Rf1 Rxf1+ 35. Kxf1 Ne3+ 36. Kf2 Nf5 37. Bb4 b6 38. a4 Ng7 39. Ke3 Nxe6 40. Kxe4 Kd7 41. Ke5 Nf4 42. g4 b5 43. a5 Ne6 44. Kf5 Nc7 45. Kxg5 Nd5 46. Kh6 Nxb4 47. cxb4 Kd6 48. Kh7 Kd5 49. g5 Kc4 50. g6 Kxb4 51. g7 Kxa5 52. g8Q b4 53. Qb3 Kb5 54. Kg6 a5 55. Kf5 a4 56. Qd5+ Kb6 57. Qc4 a3 58. Qxb4+ Ka6 59. Qxa3+ 1-0